000 00424cam a2200169 4500
001 D12849
008 090401t1947 xxu||||| |||| 00| 0 eng d
035 _a(Sirsi) u6264
041 _aeng
100 _aGrattan-Doyle, H.N
245 4 _aThe law on the renumeration of auctioneers and estate agents
260 _aLondon
_bEstates Gazette
_c1947
350 _a0
520 _aShelf 116
942 _n0
948 _c04/03/1997
999 _c86264
_d86264